000 00562nam a2200181 i 4500
001 20470
003 ES-MaACL
005 20230929062523.0
007 t|
008 021113s1950 sp ||||1| spa d
110 2 _aReal Academia Española
_96336
245 1 0 _aDiccionario manual e ilustrado de la lengua española /
_cReal Academia Española.
260 _aMadrid :
_bEspasa-Calpe,
_c1950.
300 _aXI, 1572 p. :
_bil. ;
_c22 cm.
650 1 4 _aLengua española-
_vDiccionarios.
_914137
852 _aES-MaACL
_jA-4623
_bR.43804
999 _c20470
_d20470